Les attitudes des consommateurs slovaques en matière d` alimentation : des efforts pour un mode de vie plus sain
Gespeichert in:
| 1. Verfasser: | |
|---|---|
| Weitere Verfasser: | , , , |
| Format: | Buchkapitel |
| Sprache: | Französisch |
| Schlagworte: | |
| Tags: |
Keine Tags, Fügen Sie das erste Tag hinzu!
|
MARC
| LEADER | 00000naa a2200000 4500 | ||
|---|---|---|---|
| 001 | 0271049 | ||
| 005 | 20240502083818.9 | ||
| 041 | 0 | |a fre | |
| 044 | |a FR | ||
| 245 | 1 | 0 | |a Les attitudes des consommateurs slovaques en matière d` alimentation : des efforts pour un mode de vie plus sain |c Pavol Kita, Marta Žambochová, Ján Keresty, Veronika Kitová Mazalánová, Jaroslav Kita |
| 610 | 2 | 0 | |a spotrebitelia |
| 610 | 2 | 0 | |a štýl životný |
| 610 | 2 | 0 | |a zdravie |
| 610 | 2 | 0 | |a potraviny |
| 610 | 2 | 0 | |a Slovensko |
| 100 | 1 | |a Kita, Pavol | |
| 700 | 1 | |a Žambochová, Marta | |
| 700 | 1 | |a Keresty, Ján, 1980- | |
| 700 | 1 | |a Kitová Mazalánová, Veronika | |
| 700 | 1 | |a Kita, Jaroslav | |